Представление документа в формате RUSMARC

ПолеНазваниеЗначение
  Тип записи a
  Библиографический уровень a
001 Контрольный номер RU/CBS_UL/BASE/182d94ba5ea74d80a80b55e64c01fcbe
005 Дата корректировки 20230717162443.0
100 Данные общей обработки __
a Данные общей обработки 20230717 ||| 0rusy0189 ca
101 Язык документа 0_
a Язык текста rus
102 Страна публикации __
a Страна публикации RU
200 Заглавие и сведения об ответственности 1_
a Заглавие Погибоша аки обре
e Сведения, относящиеся к заглавию [о гибели могучего племени обров или аваров, явившихся из азиатских степей и в течении двух с половиной веков наводивших страх на государства центральной и восточной Европы]
f Первые сведения об ответственности В. Веретенников
300 Общие примечания __
a Общие примечания 16+
461 Уровень набора _0
1 2000
a Вокруг света
463 Уровень физической единицы _0
1 2000
a № 6
v С. 58-63 : фот., ил.
1 2101
d 2023
1 001RU/CBS_UL/BASE/07a0d13dc95342f4a4e865d97df6c742
606 Тематические рубрики 0_
a Основная рубрика Народы мира - Авары
610 Ключевые слова 0_
a Ключевые слова народы мира
610 Ключевые слова 0_
a Ключевые слова авары
610 Ключевые слова 0_
a Ключевые слова обры (авары)
610 Ключевые слова 0_
a Ключевые слова племена обров
610 Ключевые слова 0_
a Ключевые слова аварские племена
610 Ключевые слова 0_
a Ключевые слова аварские воины
686 Индексы других классификаций __
2 Код системы rubbk
a Классификационный индекс 63.51
700 Автор _1
a Фамилия Веретенников
b Имя (инициалы) В.
801 Источник записи _0
a Страна RU
b Организация МБУК ЦБС г. Ульяновска
c Дата составления 20230717
g Правила каталогизации RCR
801 Источник записи _1
a Страна RU
b Организация МБУК ЦБС г. Ульяновска
c Дата составления 20230717
g Правила каталогизации RCR
901 Тип документа __
t Тип документа b
w Контрольный № источника RU/CBS_UL/BASE/07a0d13dc95342f4a4e865d97df6c742